LEADER 01176nam a2200277 4500 001 000000358819 003 CaOOAMICUS 005 20240801102049.0 008 240712s199? it a 000 u ita r 020 $a979-12-200-3775-6* 040 $aSeMil$bita 100 1 $aCiaraffa, Enzo.$0(OLS)http://semarc/name/119910 245 10$aMunigund :$bla storia (o il sogno) di una donna straordinaria /$cEnzo Ciaraffa. 264 1$aLonate Pozzolo :$bGrafica Bottigelli,$c[199?] 300 $a93 p. :$bill. ;$c21 cm 541 0 $aOmaggio mons. Mario Delpini (3P II 423) 650 4$aCairate.$0(OLS)http://semarc/subject/11002 650 4$aLongobardi - Lombardia.$0(OLS)http://semarc/subject/8307 850 $aSeMil 852 $aSeMil$W1$xVenegono$y1$m3P II 423$j249982$B249890$CSeMilBibl$Z2$F249890 $81 941 1 $a7 961 $aOmaggio mons. Mario Delpini 996 $6020$a979-12-200-3775-6*$9(OLS)http://semarc/number/300627 996 $6245$aMunigund :$bla storia (o il sogno) di una donna straordinaria$9(OLS)http://semarc/title/449212 996 $6264$aLonate Pozzolo :$bGrafica Bottigelli$9(OLS)http://semarc/publisher/61829 LEADER 00919nam a2200217 i 4500 001 000000041864 003 CaOOAMICUS 005 20061012000000.0 008 061012s1953 it u000 u ita u 013 $a13034 040 $aSeMil$bita 100 1 $aCorti, Gaetano <1910-1989>.$0(OLS)http://semarc/name/89151 245 10$aEsistenza di Dio :$bTeoria della rivelazione. 300 $a142 p. ;$c22 cm. 650 4$aTeologia fondamentale.$0(OLS)http://semarc/subject/235 650 4$aRivelazione.$0(OLS)http://semarc/subject/5751 773 0 $aCorti, Gaetano <1910-1989>$tBasi razionali della fede cattolica.$dVarese : Tipografia arcivescovile dell'Addolorata, imprimatur 1953.$gVol.1$w()1091 850 $aSeMil 852 $aSeMil$W1$xVenegono$y1$m2D IV 108$j8019$B8019$CSeMilBibl$Z2$F8019 $81 961 $aRecupero: Altro 996 $6245$aEsistenza di Dio :$bTeoria della rivelazione$9(OLS)http://semarc/title/60820